000
00273nam a22001097a 4500
008
160524b xxu||||| |||| 00| 0 eng d
020
_a
1592006973
041
_a
eng
080
_a
78
245
_a
Producing music with samples, loops, and MIDI:
_c
Bill Gibson;
942
_2
udc
_c
BK
999
_c
2412
_d
2412